Sports Quiz

Random Sports or Basketball Quiz

UALR Head Basketball Coaches Quiz Stats

 Plays Quiz not verified by Sporcle

Challenge
Share
Tweet
Embed
Score 0/20 Timer 10:00
0 Plays Today
% Correct
Steve Shields
81.3%
Wimp Sanderson
68.8%
Mike Newell
62.5%
Porter Moser
56.3%
Bill Ballard
43.8%
Jim Platt
43.8%
Sidney Moncrief
43.8%
Ron Kestenbaum
37.5%
Happy Mahfouz
31.3%
Woody Johnson
25%
% Correct
Cleve Branscum
18.8%
John Floyd
12.5%
John A. Larson
12.5%
Alvin E. Longstreth
12.5%
Herman Bogan
12.5%
George Haynie
12.5%
Deno Nichols
12.5%
David Sibley
12.5%
Jim Bearden
12.5%
John Kincannon
12.5%

You're not logged in!

Compare scores with friends on all Sporcle quizzes.
OR
Log In

You Might Also Like...

Show Comments

Extras

Created Apr 14, 2011ReportNominate
Tags:Basketball Quiz, coach

Top Quizzes Today


Score Distribution

Your Account Isn't Verified!

In order to create a playlist on Sporcle, you need to verify the email address you used during registration. Go to your Sporcle Settings to finish the process.

Report this User

Report this user for behavior that violates our Community Guidelines.

Details: